The noble scholar, jurist, historian


 His Excellency Dr. Abdul Wahhab bin Ibrahim Abu Sulaiman, may Allah have mercy on him.


 He was born in Umm Al-Qura in the year 1356 AH.

ختم سنن الإمام أبي داود / (Record no. 8274)

MARC details
000 -LEADER
fixed length control field 01799cam a22003131i 4500
003 - CONTROL NUMBER IDENTIFIER
control field SA-RiAUC
005 - DATE AND TIME OF LATEST TRANSACTION
control field 20250523144544.0
008 - FIXED-LENGTH DATA ELEMENTS--GENERAL INFORMATION
fixed length control field 250520s2004 su g b 001 0 ara c
040 ## - CATALOGING SOURCE
Original cataloging agency EG-CaDAJ
Language of cataloging ara
Transcribing agency SA-RiAUC
Description conventions rda
082 04 - DEWEY DECIMAL CLASSIFICATION NUMBER
Classification number 235.4
Assigning agency SA-RiAUC
090 ## - LOCALLY ASSIGNED LC-TYPE CALL NUMBER (OCLC); LOCAL CALL NUMBER (RLIN)
Classification number (OCLC) (R) ; Classification number, CALL (RLIN) (NR) 235.4
Local cutter number (OCLC) ; Book number/undivided call number, CALL (RLIN) ب ص ر
100 1# - MAIN ENTRY--PERSONAL NAME
Personal name البصري، عبد الله بن سالم بن محمد،
Dates associated with a name 1048-1134 هجري
Relator term مؤلف.
245 10 - TITLE STATEMENT
Title ختم سنن الإمام أبي داود /
Statement of responsibility, etc. عبد الله بن سالم البصري ؛ تحقيق وتعليق محمد بن محمدي جميل النورستاني. معه، من فوائد درس عبد المحسن بن حمد / عبد المحسن بن حمد بن عبد المحسن العباد.
250 ## - EDITION STATEMENT
Edition statement الطبعة الأولى.
264 #1 - PRODUCTION, PUBLICATION, DISTRIBUTION, MANUFACTURE, AND COPYRIGHT NOTICE
Place of production, publication, distribution, manufacture الرياض :
Name of producer, publisher, distributor, manufacturer أضواء السلف،
Date of production, publication, distribution, manufacture, or copyright notice 2004
300 ## - PHYSICAL DESCRIPTION
Extent 257 صفحة ؛
Dimensions 24 سم
336 ## - CONTENT TYPE
Content type term نص
Content type code txt
Source rdacontent
Materials specified كتاب
337 ## - MEDIA TYPE
Media type term بدون وسيط
Media type code n
Source rdamedia
338 ## - CARRIER TYPE
Carrier type term مجلد
Carrier type code nc
Source rdacarrier
500 ## - GENERAL NOTE
General note يشتمل على كشافات.
501 ## - WITH NOTE
With note معه : دراسة عن رباعيات أبي داود في سننه مع مقارنتها برباعيات البخاري.
504 ## - BIBLIOGRAPHY, ETC. NOTE
Bibliography, etc. note يشتمل على إرجاعات ببليوجرافية.
650 #7 - SUBJECT ADDED ENTRY--TOPICAL TERM
Topical term or geographic name entry element الحديث
General subdivision سنن أبي داود
Source of heading or term aucsh
700 1# - ADDED ENTRY--PERSONAL NAME
Personal name النورستاني، محمد محمدي بن محمد جميل،
Dates associated with a name 1969-
Relator term محقق.
700 12 - ADDED ENTRY--PERSONAL NAME
Relationship information مع (عمل) :
Personal name العباد، عبد المحسن بن حمد بن عبد المحسن،
Dates associated with a name 1352 هجري-
Title of a work من فوائد درس عبد المحسن بن حمد.
700 12 - ADDED ENTRY--PERSONAL NAME
Relationship information تكملة لـ (عمل) :
Personal name أبو داود، سليمان بن الأشعث بن إسحاق،
Dates associated with a name 202-275 هجري
942 ## - ADDED ENTRY ELEMENTS (KOHA)
Source of classification or shelving scheme Dewey Decimal Classification
Koha item type Books
Suppress in OPAC No
949 ## - LOCAL PROCESSING INFORMATION (OCLC)
a SA-JeALM
d 250520
u mohamedma123
n 1
Holdings
Withdrawn status Lost status Source of classification or shelving scheme Damaged status Not for loan Home library Current library Date acquired Total checkouts Full call number Barcode Date last seen Price effective from Koha item type
    Dewey Decimal Classification     DR AbdElwahab Library DR AbdElwahab Library 05/23/2025   235.4 ب ص ر 000013782 05/23/2025 05/23/2025 Books